| 000 | 00477nam a2200181 a 4500 | ||
|---|---|---|---|
| 005 | 20140310183545.0 | ||
| 008 | 111111s19uu xx 00 eng d | ||
| 020 | _a9780071288446 | ||
| 050 |
_aQH 308.2 _b.M181 2010 |
||
| 100 | _aMader, Sylvia S. | ||
| 245 |
_aBiology / _cSylvia S. Mader. |
||
| 250 | _a10th ed. | ||
| 260 |
_aNew York : _bMcGraw-Hill, _c2010. |
||
| 300 |
_a907 p. : _bill. col. ; _c28 cm. |
||
| 650 | _aBiology | ||
| 942 |
_cBK _2lcc _kFOR |
||
| 999 |
_c24861 _d24861 |
||